Tuyển tập Nguyễn Văn Bổng Ba tập Tập 1 Tiểu thuyết

Sparad:
Bibliografiska uppgifter
Huvudupphovsman: Nguyễn Văn Bổng
Övriga upphovsmän: Tô Hoài (Lời bạt), Chu Giang (Tuyển chọn), Nguyễn Thị Hạnh (Tuyển chọn)
Materialtyp: Bok
Språk:Vietnamese
Publicerad: H. Văn học 1995
Serie:Văn học hiện đại Việt Nam
Ämnen:
Taggar: Lägg till en tagg
Inga taggar, Lägg till första taggen!
Thư viện lưu trữ: Mạng thư viện Đại học Đà Nẵng
LEADER 01446nam a2200397 4500
001 000005562
003 1707
005 20120417080440.0
008 110817s1995 viesd
020 |c 43000đ 
041 0 |a vie 
082 |a 895.9223  |b NG-B 
100 0 |a Nguyễn Văn Bổng 
245 1 0 |a Tuyển tập Nguyễn Văn Bổng  |b Ba tập  |c Nguyễn Văn Bổng ; Lời bạt Tô Hoài ; Tuyển chọn Chu Giang; Nguyễn Thị Hạnh  |n Tập 1  |p Tiểu thuyết 
260 |a H.  |b Văn học  |c 1995 
300 |a 612 tr : chân dung  |c 19 cm 
490 |a Văn học hiện đại Việt Nam 
504 |a T.1 : Tiểu thuyết 
653 |a Văn học hiện đại 
653 |a Việt Nam 
653 |a tiểu thuyết 
700 |a Tô Hoài  |e Lời bạt 
700 |a Chu Giang  |e Tuyển chọn 
700 |a Nguyễn Thị Hạnh  |e Tuyển chọn 
773 |t Tuyển tập Nguyễn Văn Bổng  |w 1702 
910 |a Nguyễn Thị Kim Oanh  |d 17/08/2011 
OWN |a LSP 
AVA |a UDN50  |b LSP  |d 895.9223 NG-B  |e available  |t Error 5001 Not defined in file expand_doc_bib_avail.  |f 2  |g 0  |h N  |i 0  |k 1 
999 |a From the UDN01 
AVA |a UDN50  |b LSP  |d 895.9223 NG-B  |e available  |t Error 5001 Not defined in file expand_doc_bib_avail.  |f 2  |g 0  |h N  |i 0  |k 1 
TYP |a Monograph 
TYP |a Printed language 
980 |a Mạng thư viện Đại học Đà Nẵng